Normal view MARC view
  • Dover books on physics & chemistr

Entry Uniform Title

Number of records used in: 3

001 - CONTROL NUMBER

  • control field: 8836

003 - CONTROL NUMBER IDENTIFIER

  • control field: NUST

005 - DATE AND TIME OF LATEST TRANSACTION

  • control field: 20180118145842.0

008 - FIXED-LENGTH DATA ELEMENTS

  • fixed length control field: 180118|| aca||aabn | a|a d

040 ## - CATALOGING SOURCE

  • Original cataloging agency: NUST
  • Transcribing agency: NUST

130 ## - HEADING--UNIFORM TITLE

  • Uniform title: Dover books on physics & chemistr

670 ## - SOURCE DATA FOUND

  • Source citation: Work cat.: (NUST)29268: Hamermesh, Morton. 8835, Group theory and its application to physical problems /, 1962
© 2023 Central Library, National University of Sciences and Technology. All Rights Reserved.